000 00786nam a2200289Ia 4500
008 160803s9999 xx 000 0 und d
020 _a9780590611954
100 _adePaola, Tomie
245 _aCharlie needs a cloak /
245 _cstory and pictures by Tomie dePaola.
260 _aNew York :
260 _bScholastic Inc.
260 _c1973
300 _a1 volume (unpaged) :
300 _billustrations ;
650 _aCloaks --
650 _aClothing and dress --
650 _aDyes and dying -- Wool --
650 _aHand weaving --
650 _aWool --
650 _xJuvenile literature.
650 _xJuvenile literature.
650 _xJuvenile literature.
650 _xJuvenile literature.
650 _xJuvenile literature.
700 _a500
999 _c298844
_d298844